000 01224nam a2200301 a 4500
001 ASIN1844831493
003 OSt
005 20180116192422.0
008 140509s2005 xxu eng d
020 _a1844832171 (hardcover)
020 _a9781844832170 (hardcover)
040 _csada
050 0 4 _aF2212
082 0 4 _a980.012
100 1 _aQuilter, Jerrrey.
_97524
245 1 0 _aTreasures of the andes :
_bthe glories of inca and pre-columbian south america /
_cJerrrey Quilter.
250 _a1st ed.
260 _a[S.l.] :
_bDuncan Baird Publishers,
_c2005.
300 _a224 p. ;
_c31 cm.
500 _aImport.
520 _aThis is a new book, tight binding, no marks, unread copy, with minimal shelf wear at the dust jacket. Write by Jeffrey Quilter, published by Duncan Baird Publishers, is a first edition, year 2005. It has 224 pages fully illustrated in color. Shipping every day with free delivery confirmation from Texas.
650 0 _aAndes Region
_97525
650 0 _aAntiquities
_97526
650 0 _aCivilization
_97527
650 0 _aIndians of South America--Antiquities
_97528
856 4 0 _3Amazon.com
_uhttp://www.amazon.com/exec/obidos/ASIN/1844831493/chopaconline-20
942 _2ddc
_cBK
999 _c353944
_d353944